Miejscowości w powiecie strzeleckim - Statystyki

Ogólne statystyki
  • Ten quiz został rozwiązany 52 razy
  • Średni wynik to 33 z 67
Statystyki odpowiedzi
Liczba mieszkańców Miejscowość % Poprawnych
17 835 Strzelce Opolskie
100%
1 108 Izbicko
83%
3 525 Jemielnica
83%
1 523 Kadłub
80%
2 555 Leśnica
80%
3 294 Kolonowskie
77%
1 737 Ujazd
77%
7 107 Zawadzkie
77%
482 Rozmierz
73%
1 019 Rozmierka
70%
377 Borycz
63%
887 Krośnica
63%
1 008 Błotnica Strzelecka
60%
467 Góra Świętej Anny
60%
715 Grodzisko
60%
734 Zimna Wódka
60%
1 124 Otmice
57%
862 Rożniątów
57%
1 893 Szymiszów
57%
1 932 Kielcza
53%
481 Olszowa
53%
975 Piotrówka
53%
1 062 Raszowa
53%
1 044 Staniszcze Małe
53%
1 033 Staniszcze Wielkie
53%
679 Sucha
53%
718 Szczepanek
53%
359 Wysoka
53%
522 Centawa
50%
1 479 Dziewkowice
50%
190 Klucz
50%
497 Suchodaniec
50%
604 Łaziska
47%
445 Osiek
47%
288 Poręba
47%
328 Poznowice
47%
404 Siedlec
47%
599 Stary Ujazd
47%
1 266 Zalesie Śląskie
47%
333 Dolna
43%
796 Jaryszów
43%
308 Kalinów
43%
425 Kalinowice
43%
448 Lichynia
43%
646 Sieroniowice
43%
588 Spórok
43%
2 387 Żędowice
43%
553 Barut
40%
696 Gąsiorowice
40%
420 Łąki Kozielskie
40%
106 Ligota Dolna
40%
123 Jędrynie
37%
441 Ligota Czamborowa
37%
100 Ligota Górna
37%
580 Niezdrowice
37%
115 Niwki
37%
626 Warmątowice
37%
403 Kadłubiec
33%
272 Nogowczyce
33%
314 Wierchlesie
33%
241 Balcarzowice
30%
161 Czarnocin
23%
206 Krasowa
23%
141 Brzezina
20%
117 Sprzęcice
20%
80 Grabów
17%
192 Płużnica Wielka
10%
Nie znaleziono quizów pasujących do podanych kryteriów
Rozkład punktacji
Procent ludzi z każdym wynikiem
Percentyl według liczby udzielonych odpowiedzi
Twoja historia wyników
Nie rozwiązałeś tego quizu